Statistics for Eurovision 2017 Quiz

Click here to take the quiz!

General Stats

  • This quiz has been taken 211 times
  • The average score is 19 of 27

Answer Stats

HintAnswer% Correct
Winning countryPortugal
100%
Country that came second in the finalBulgaria
96%
Yodling countryRomania
93%
Country with a 17-year-old singer (3 answers possible)Australia or Belgium or Bulgaria
88%
Country that came last in the finalSpain
88%
Country that came third in the finalMoldova
86%
Country who sent 3 singing sisters with a terminally ill motherNetherlands
84%
Country that likes horse masks and chalkboardsAzerbaijan
78%
The Jamala stage intruder wore the flag of this countryAustralia
78%
Country banned from Eurovision 2017Russia
78%
Country that was dying to try a hot air balloon on stageIreland
77%
Country whose artist had a long pony tailMontenegro
77%
Country that sung 'Hey, hey, ayayaya ho'Belarus
72%
Country whose singers were lost in an Italian cityEstonia
71%
Country that received 0 televote points in the finalAustria
71%
Artist that represented her country for the 4th timeValentina Monetta
68%
Singer who wants to be your gravityHovig
67%
British representative Lucie Jones is from what UK countryWales
65%
Singer who feels aliveIMRI
65%
Singer that danced with a naked monkeyFrancesco Gabbani
59%
Country whose artist used treadmills (2 answers possible)Australia or Sweden
57%
Group who follows you, ApolloTimebelle
57%
Singer who couldn't go onRobin Bengtsson
52%
Singer who got engaged during the ContestJana Burceska
46%
Singer that sung a duet with himselfJacques Houdek
44%
Country with a song title in LatinHungary
38%
Singer who won the national selection in 2017, having tried to win it 8 times beforeClaudia Faniello
19%

Score Distribution

Percentile by Number Answered

Percent of People with Each Score

Your Score History

You have not taken this quiz